Religie w Krajach Azji - Statystyki

Ogólne statystyki
  • Ten quiz został rozwiązany 211 razy
  • Średni wynik to 13 z 15
Statystyki odpowiedzi
Hint Odpowiedź % Poprawnych
Kazachstan Islam
98%
Pakistan Islam
98%
Bangladesz Islam
98%
Malezja Islam
98%
Afganistan Islam
98%
Laos Buddyzm
95%
Wietnam Buddyzm
94%
Mongolia Buddyzm
94%
Indie Hinduizm
90%
Armenia Kościół Ormiański
90%
Rosja Prawosławie
90%
Filipiny Katolicyzm
87%
Chiny Ateizm
69%
Korea Południowa Ateizm
69%
Japonia Shinto
45%
Nie znaleziono quizów pasujących do podanych kryteriów
Rozkład punktacji
Procent ludzi z każdym wynikiem
Percentyl według liczby udzielonych odpowiedzi
Twoja historia wyników
Nie rozwiązałeś tego quizu